| 000 | 01349nam a2200325 a 4500 | ||
|---|---|---|---|
| 001 | 000013887 | ||
| 003 | DO-SdBNP | ||
| 005 | 20160429130220.0 | ||
| 007 | 000013887 | ||
| 008 | 091120s2014 dr a 000 0 spa d | ||
| 020 | _a9945495518 | ||
| 020 | _a9789945495515 | ||
| 040 |
_aBPMET _bspa _cBPMET |
||
| 092 |
_axxxx _bxxxxx |
||
| 100 | 1 | _aVeles, Adalgisa | |
| 245 | 1 | 0 |
_aCapullito 2 : _bnivel inicial / _cAdalgisa Veles ; colaboración María del Jesús de la Rosa ; ilustraciones Henry Cid. |
| 260 |
_aSanto Domingo : _bActualidad escolar 2000 _c2014 |
||
| 300 |
_a304 p. : _bil. ; _c22 cm. |
||
| 490 | 1 | _aAraya | |
| 500 | _aIncluye el libro del maestro | ||
| 500 | _aEste libro ha sido realizado de acuerdo al curriculum vigente y ha sido sometido a la evaluación y aprobación de la MINERD,(Ministerio de Educación República Dominicana ) | ||
| 505 |
_tLa ilusión de aprender -- _tEl ratón Timoteo -- _tTengo una familia fabulosa -- _tConociendo mi comunidad -- _tTengo identidad -- _tVamos de compra -- _tEl gato con botas -- _tEl sol y la luna -- |
||
| 700 | 1 | 2 |
_aCid, Henry, _eil. |
| 700 | 1 | _aRosa, María del Jesus de la | |
| 830 | 0 | _aAraya | |
| 930 | 1 |
_lBND01 _mLF1 _820091204 _f04 _pCT _g8019 |
|
| 930 | 1 |
_lBND01 _mLF1 _820091120 _f01 _pCT _g8019 |
|
| 942 |
_2ddc _cBK |
||
| 956 |
_aLOPEREZ _b10 _c20160426 _lBPMSU _h00041 |
||
| 999 |
_c9931 _d9931 |
||